Deväť krokov k úspešnému nasadeniu BPM
Pojem riadenie biznis procesov (BPM). Hlavný cieľ BPM. Oblasti BPM. Úvahy o procesnej vyzretosti. Deväť krokov potrebných na zavedenie BPM.
Gespeichert in:
| 1. Verfasser: | |
|---|---|
| Format: | Buchkapitel |
| Sprache: | Slowakisch |
| Schlagworte: | |
| Tags: |
Keine Tags, Fügen Sie das erste Tag hinzu!
|
MARC
| LEADER | 00000naa$a2200000$$$4500 | ||
|---|---|---|---|
| 001 | 0074354 | ||
| 005 | 20230929121955.0 | ||
| 041 | 0 | |a slo | |
| 044 | |a SK | ||
| 245 | 1 | 0 | |a Deväť krokov k úspešnému nasadeniu BPM |c Peter Fedák |
| 520 | |a Pojem riadenie biznis procesov (BPM). Hlavný cieľ BPM. Oblasti BPM. Úvahy o procesnej vyzretosti. Deväť krokov potrebných na zavedenie BPM. | ||
| 610 | 2 | 0 | |a procesy podnikové |
| 610 | 2 | 0 | |a riadenie podnikové |
| 610 | 2 | 0 | |a riadenie procesné |
| 610 | 2 | 0 | |a systémy informačné |
| 610 | 2 | 0 | |a technológie informačné |
| 610 | 2 | 0 | |a technológie komunikačné |
| 610 | 2 | 0 | |a riadenie podľa cieľov |
| 100 | 1 | |a Fedák, Peter | |